000 00398nam a2200181Ia 4500
001 1107
005 20260306140607.0
008 260306t1995||||xx |||||||||||||| ||spa||
041 _aESP
082 _a182
_bC75 V. 1
100 _aColli, Giorgio
_eAUT
245 0 _aLa sabidurĂ­a griega
260 _c1995
300 _a
_c23 cm.
650 _aGEN
654 _aCHU
942 _cLIB
_dJUS
_fJUS
_2ddc
_n
999 _c1107
_d1107